Syntactic structures
Zapisane w:
| 1. autor: | |
|---|---|
| Format: | Książka |
| Język: | angielski |
| Wydane: |
La Haya
Mouton
1969
|
| Wydanie: | 7a. ed |
| Seria: | Janua Linguarum, 4
|
| Hasła przedmiotowe: | |
| Etykiety: |
Dodaj etykietę
Nie ma etykietki, Dołącz pierwszą etykiete!
|
MARC
| LEADER | 00000nam a2200000 a 4500 | ||
|---|---|---|---|
| 001 | UCI2080 | ||
| 003 | CL-VaPUC | ||
| 008 | 070803e19690000NE |||||||||||||||||eng|d | ||
| 082 | 0 | 4 | |a 425 |b CHO |2 21 |
| 100 | 0 | |a Chomsky, Noam |e author |9 320717 | |
| 245 | 1 | 0 | |a Syntactic structures |
| 250 | |a 7a. ed | ||
| 300 | |a 117 p | ||
| 942 | |c BK | ||
| 945 | |d 20070803 00:00:00 |a rbrito | ||
| 260 | |a La Haya |b Mouton |c 1969 | ||
| 650 | 7 | |a INGLES-GRAMATICA |2 CL-VaPUC |9 313180 | |
| 650 | 0 | |a Sintaxis |9 318843 | |
| 650 | 0 | |a Gramática |9 270497 | |
| 650 | 0 | |a Enseñanza del inglés |9 367340 | |
| 650 | 0 | |a Lingüística |9 265068 | |
| 650 | 0 | |a Semántica |9 265318 | |
| 583 | |a last modification |c 20070803 00:00:00 |k Rodrigo Vera | ||
| 490 | 0 | |a Janua Linguarum, 4 | |
| 999 | |c 326727 |d 326725 | ||
| 952 | |0 0 |1 0 |4 0 |6 425_000000000000000_CHO_1969 |7 0 |8 A |9 408840 |a FDOPOS |b FDOPOS |d 2019-11-22 |i 4360613 |o 425 CHO 1969 |p 4360613 |r 2025-01-22 |w 2019-11-22 |y BK |k MLA | ||